000 00892nam a2200265Ia 4500
003 OSt
005 20221005103909.0
006 a|||||r|||| 00| 0
007 ta
008 221004b |||||||| |||| 00| 0 hin d
020 _a9788188790364 (hbk)
_c695
024 _a122077
037 _b13325, 14/07/2012, Kitab Ghar
_cTextual
040 _aCRL
_cCRL
_bhin
041 _2hin
_ahin
082 _aZ2,115, 152Q0
100 _aवशिष्ठ, सरिता
245 0 _aमहिला और कानून
246 _aMahilā aur kānūna
260 _aदिल्ली
_bकल्पना प्रकाशन भारत
_c2010
300 _a259पृ0
_ccm.
650 _aभारतीय कानून
942 _hZ2,115, 152Q0
_cTEXL
_2cc
999 _c1011198
_d1011198